|
|
|
|
| LEADER |
00000nab a2200000 a 4500 |
| 001 |
vtls000894988 |
| 003 |
SK-MaSNL |
| 005 |
20260304020525.0 |
| 008 |
040720e19960603xo 0 slo |
| 035 |
|
|
|a KE4020
|
| 040 |
|
|
|a KEVKJB
|b slo
|c KEVKJB
|e AACR2
|
| 041 |
0 |
|
|a slo
|
| 044 |
|
|
|a xo
|c SK
|
| 080 |
|
|
|a 712
|2 1981
|
| 080 |
|
|
|a 929
|2 1981
|
| 100 |
1 |
|
|a Bača, Miloslav
|4 aut
|9 282523
|
| 245 |
1 |
0 |
|a Visuté záhrady pani Irmy
|b Návšteva v ríši schodov a terás
|
| 300 |
|
|
|b 1 foto
|
| 600 |
1 |
7 |
|a Loebeová, Irma
|2 SNK
|9 1298161
|
| 650 |
0 |
7 |
|a záhradníctvo
|2 SNKPH
|9 2729
|
| 650 |
0 |
7 |
|a visuté záhrady
|2 SNKPH
|9 240261
|
| 650 |
0 |
7 |
|a záhradkárky
|2 SNKPH
|9 228664
|
| 651 |
|
7 |
|a Košice (Slovensko)
|2 SNKPHgeo
|9 18694
|
| 651 |
|
7 |
|a KE,
|2 KEVKJB
|9 877256
|
| 655 |
|
7 |
|a periodikum
|2 SNKPH
|9 29553
|
| 773 |
0 |
8 |
|t Košický večer
|g Roč. 7
|g Roč. 28, č.107, 3.6.1996, s. 3
|
| 852 |
|
|
|a ZVYKNI
|b KIS3GCP
|
| 999 |
|
|
|c 2599368
|d 2601298
|